000
00288nam a22001337a 4500
008
170906b xxu||||| |||| 00| 0 eng d
020
_a
9781585030477
041
_a
eng
080
_a
72
100
_a
41
101
_a
ARK
245
_a
AUTOCAD 2002 TUTORIAL
_c
SHIH,R.H
942
_2
udc
_c
BK
999
_c
26396
_d
26396